| 000 | 00368cam a22001217a 4500 | ||
|---|---|---|---|
| 008 | 180718b1969 xxu||||| |||| 00| 0 eng d | ||
| 082 | _aW H118 | ||
| 245 |
_aTransport and national goals _cedited by T. Haefele |
||
| 260 |
_aWashington _bBrookings _c1969 |
||
| 300 | _aviii, 201p | ||
| 650 | _aTransportation and state -Developing countries. | ||
| 700 | _aHaefele, Edwin T. | ||
| 999 |
_c412097 _d412097 |
||